| 000 | 00926nam a22003137a 4500 | ||
|---|---|---|---|
| 003 | CHAP | ||
| 005 | 20220329143442.0 | ||
| 008 | 091013s2001 mx a r 00010 spa d | ||
| 010 | _a96870 | ||
| 011 | _a97842 | ||
| 020 | _a9789706403575 | ||
| 035 | _a108514 | ||
| 040 | _cCHAP | ||
| 090 | _aFolleto 17438 | ||
| 100 | 1 |
_aPaso, Fernando del _985865 |
|
| 245 | 1 | 0 |
_aSonetos del amor y de lo diario _c/por Fernando del Paso |
| 260 |
_aMéxico : _bEl Colegio Nacional, _c2001 |
||
| 300 |
_a38 p. : _bilus. |
||
| 590 |
_aBATCH-UPD _b10 _c20130110 _lUCH01 _h1240 |
||
| 590 |
_aBATCH-UPD _b10 _c20130410 _lUCH01 _h0806 |
||
| 590 |
_aBATCH-UPD _b10 _c20130914 _lUCH01 _h1726 |
||
| 590 |
_aCONVERSION _b10 _c20130109 _lUCH01 _h1354 |
||
| 650 | 1 | 4 |
_aLiteratura. _967113 |
| 650 | 1 | 4 |
_aPoesía. _990141 |
| 650 | 1 | 4 |
_aSonetos. _9108562 |
| 901 | _aBK | ||
| 942 | _cFOLL | ||
| 949 |
_aFolleto 17438 _bBC _cFOLL _d33724002106405 _eTS1 _i108514 _sb |
||
| 999 |
_c96870 _d96870 |
||